Visualizzazione normale
Vista MARC
- Mascagni Pietro
di Personal Name
Records bibliografici associati: 1
001 - CONTROL NUMBER
- control field: 5962
003 - CONTROL NUMBER IDENTIFIER
- control field: IT-RoPau
005 - DATE AND TIME OF LATEST TRANSACTION
- control field: 20131218122622.0
008 - FIXED-LENGTH DATA ELEMENTS
- fixed length control field: 131218|| aca||aabn | a|a d
040 ## - CATALOGING SOURCE
- Original cataloging agency: IT-RoPau
- Transcribing agency: IT-RoPau
100 ## - HEADING--PERSONAL NAME
- Personal name: Mascagni Pietro
- Dates associated with a name: Codice autore musica SPICS: 11012
- Relator term: Autore musica
- Name of part/section of a work: Cavalleria rusticana: intermezzo - L'amico Fritz: intermezzo
670 ## - SOURCE DATA FOUND
- Source citation: Work cat.: (IT-RoPau)99997: AA.VV. 794, Intermezzi da opere (Lp 135 088)